[Event "AUTO-INT-1730"]
[Site "http://www.queenalice.com/game.php?id=791278"]
[Date "2010.6.17"]
[Round "1"]
[White "danqueiroz"]
[Black "Baruch"]
[Result "0-1"]
[WhiteElo "1360"]
[BlackElo "1615"]

1. Nh3 e5 2. d4 Nc6 3. e4 Nxd4 4. Be3 Ne7 5. Bxd4 exd4 6. Qxd4 d6 7. Bb5+ c6 8.
Bc4 Be6 9. Ng5 Qa5+ 10. Nc3 Qxg5 11. g3 d5 12. exd5 Nxd5 13. h4 Qf6 14. Rd1 Qxd4
15. Rxd4 Rd8 16. Ne4 Be7 17. c3 O-O 18. f4 Ne3 19. Bxe6 Nc2+ 20. Kd2 Nxd4 21.
cxd4 fxe6 22. Ke3 b6 0-1

[Event "AUTO-OPEN-2012"]
[Site "http://www.queenalice.com/game.php?id=791447"]
[Date "2010.6.17"]
[Round "1"]
[White "MC"]
[Black "danqueiroz"]
[Result "1-0"]
[WhiteElo "1767"]
[BlackElo "1358"]

1. a4 d5 2. a5 a6 3. b4 b5 4. axb6 cxb6 5. e3 a5 6. b5 f5 7. Bb2 Qd6 8. f4 Nf6
9. Bxf6 Qxf6 10. c3 e5 11. Na3 e4 12. Qb3 Qh4+ 13. g3 Qg4 14. Qxd5 Ra7 15. Qe5+
Be7 16. Qxb8 Rd7 17. Qxc8+ 1-0

[Event "AUTO-OPEN-2012"]
[Site "http://www.queenalice.com/game.php?id=791448"]
[Date "2010.6.17"]
[Round "1"]
[White "danqueiroz"]
[Black "MC"]
[Result "0-1"]
[WhiteElo "1360"]
[BlackElo "1765"]

1. Nh3 h5 2. d4 e6 3. f4 d6 4. e4 Qh4+ 5. Nf2 d5 6. e5 Nh6 7. g3 Qe7 8. Bb5+ c6
9. Ba4 b5 10. Bb3 Ba6 11. h4 Qb7 12. O-O c5 13. dxc5 Bxc5 14. Kg2 d4+ 15. Qf3
Nf5 16. g4 Nxh4+ 17. Kg3 Nxf3 18. Nd2 h4+ 0-1

[Event "AUTO-OPEN-2012"]
[Site "http://www.queenalice.com/game.php?id=791473"]
[Date "2010.6.17"]
[Round "1"]
[White "FPM"]
[Black "danqueiroz"]
[Result "1-0"]
[WhiteElo "1795"]
[BlackElo "1496"]

1. c4 Nc6 2. Nc3 Nf6 3. Nf3 e5 4. e4 h5 5. d4 a6 6. d5 Nb4 7. a3 Qe7 8. axb4
Qxb4 9. Ra4 Qc5 10. Be3 Qd6 11. c5 Qe7 12. Bc4 b5 13. Nxb5 c6 14. Nd6+ Kd8 15.
Qb3 cxd5 16. Qb6# 1-0

[Event "AUTO-OPEN-2012"]
[Site "http://www.queenalice.com/game.php?id=791474"]
[Date "2010.6.17"]
[Round "1"]
[White "danqueiroz"]
[Black "FPM"]
[Result "0-1"]
[WhiteElo "1461"]
[BlackElo "1844"]

1. Nh3 d5 2. f4 Bxh3 3. gxh3 e6 4. d4 Qh4+ 5. Kd2 Qxf4+ 6. e3 Qh4 7. Bb5+ Nc6 8.
Qg4 Qf2+ 9. Qe2 Qxe2+ 10. Bxe2 Nf6 11. Nc3 Bb4 12. a3 Bxc3+ 13. bxc3 O-O-O 14.
Rb1 e5 15. c4 exd4 16. exd4 Nxd4 17. Kd3 Nxe2 18. Be3 d4 19. Bg5 Nc3 20. Rb4 c5
21. Rb3 Rd6 22. Re1 Rd7 23. a4 Nh5 24. a5 a6 25. Be7 Re8 26. Re5 Nf4+ 27. Kd2
Rdxe7 28. Rxc5+ Kb8 29. Rb6 Na4 0-1

[Event "AUTO-OPEN-2012"]
[Site "http://www.queenalice.com/game.php?id=791491"]
[Date "2010.6.17"]
[Round "1"]
[White "danqueiroz"]
[Black "luiz_antonio"]
[Result "0-1"]
[WhiteElo "1448"]
[BlackElo "1939"]

1. Nh3 e5 2. d4 exd4 3. Qxd4 Nc6 4. Qe4+ Qe7 5. f3 Qxe4 6. fxe4 Ne5 7. Bf4 d6 8.
Nc3 Bxh3 9. Nd5 O-O-O 10. gxh3 Re8 11. e3 c6 12. h4 cxd5 13. Bb5 Nc6 14. exd5 a6
15. Bd3 Nb4 16. Bf5+ Kc7 17. a3 Nxd5 18. Rd1 Nxf4 19. b4 Rxe3+ 20. Kd2 Rxa3 21.
c3 Nf6 22. Ra1 Rxa1 23. Rxa1 Be7 24. Ke3 Ng2+ 25. Kf2 Nxh4 26. Kg3 Nxf5+ 27. Kf4
g6 0-1

[Event "AUTO-OPEN-2012"]
[Site "http://www.queenalice.com/game.php?id=791492"]
[Date "2010.6.17"]
[Round "1"]
[White "luiz_antonio"]
[Black "danqueiroz"]
[Result "1-0"]
[WhiteElo "1958"]
[BlackElo "1431"]

1. e4 d5 2. exd5 Qxd5 3. Nc3 Qe5+ 4. Be2 Nc6 5. Nf3 Qe6 6. d4 Nf6 7. Ng5 Qf5 8.
Bd3 Qd7 9. Be3 h6 10. Nge4 Nb4 11. Nxf6+ exf6 12. Be2 Qf5 13. Rc1 b6 14. a3 Nd5
15. Nxd5 h5 16. Nxc7+ Kd8 17. Nxa8 Bb7 18. Nxb6 axb6 19. O-O h4 20. h3 Qg6 21.
f3 f5 22. c4 Bd6 23. c5 bxc5 24. dxc5 Ke7 25. cxd6+ Qxd6 26. Bc5 Rd8 27. Bxd6+
Rxd6 28. Rc7+ Rd7 29. Qxd7+ 1-0

[Event "AUTO-INT-1731"]
[Site "http://www.queenalice.com/game.php?id=791574"]
[Date "2010.6.17"]
[Round "1"]
[White "saturnin"]
[Black "danqueiroz"]
[Result "1-0"]
[WhiteElo "1467"]
[BlackElo "1342"]

1. b4 a5 2. c3 a4 3. e3 Nc6 4. g3 b5 5. Bxb5 Ba6 6. Be2 Bxe2 7. Nxe2 Nf6 8. O-O
e5 9. d4 e4 10. d5 Ne5 11. Kg2 Nfg4 12. h3 Nh6 13. a3 Nf3 14. Nf4 Nf5 15. Bb2
Qg5 16. Nd2 N5h4+ 17. Kh1 Nf5 18. Nxf3 exf3 19. Qxf3 Bd6 20. Qe4+ Kd8 21. g4 g6
22. c4 Re8 23. Qc2 c5 24. dxc6 dxc6 25. Rfd1 Qh4 26. gxf5 gxf5 27. Rxd6+ Kc7 28.
c5 Re4 29. Qd3 Qxf2 30. Bd4 Qf3+ 31. Kh2 Rg8 32. Rg1 Qf2+ 33. Ng2 Rxg2+ 34. Rxg2
Qf3 35. Qc3 f4 36. exf4 Qxf4+ 37. Kg1 h5 38. Rf6 Qh4 39. Rxf7+ Kd8 40. Rg8+ Re8
41. Bf6+ 1-0

[Event "AUTO-INT-1731"]
[Site "http://www.queenalice.com/game.php?id=791575"]
[Date "2010.6.17"]
[Round "1"]
[White "danqueiroz"]
[Black "saturnin"]
[Result "0-1"]
[WhiteElo "1446"]
[BlackElo "1616"]

1. Nf3 g6 2. h4 Bg7 3. e4 e5 4. b4 Nf6 5. g4 Nxe4 6. d3 Nf6 7. g5 Nd5 8. Na3 O-O
9. Bb2 d6 10. d4 e4 11. Nd2 a6 12. Nxe4 Bf5 13. f3 Ne3 14. Qe2 Nxf1 15. Rxf1 d5
16. Ng3 Nc6 17. h5 Re8 18. Ne4 dxe4 19. Nc4 exf3 20. Qxe8+ Qxe8+ 21. Kf2 Qe2+
22. Kg3 Qg2+ 23. Kf4 Qg4+ 24. Ke3 gxh5 25. Ne5 Qe4+ 26. Kf2 Nxd4 27. c3 Qc2+ 28.
Kg1 Qg2# 0-1

[Event "AUTO-INT-1731"]
[Site "http://www.queenalice.com/game.php?id=791592"]
[Date "2010.6.17"]
[Round "1"]
[White "danqueiroz"]
[Black "carito30236"]
[Result "0-1"]
[WhiteElo "1411"]
[BlackElo "1620"]

1. e3 c5 2. c4 Nc6 3. Qf3 e6 4. Nc3 a6 5. a3 Nf6 6. g4 d5 7. cxd5 exd5 8. d4
Bxg4 9. Qf4 g5 10. Qxg5 Rg8 11. Qh4 cxd4 12. exd4 Qe7+ 13. Nge2 Nxd4 14. Be3
Nc2+ 15. Kd2 Ne4+ 16. Kxc2 Qxh4 17. Nxd5 Rc8+ 18. Nec3 Bf5 19. f3 Nxc3+ 20. Bd3
Nxd5+ 21. Kd2 Rg2+ 22. Be2 Rc2+ 23. Kd1 Nxe3# 0-1

[Event "AUTO-INT-1731"]
[Site "http://www.queenalice.com/game.php?id=791593"]
[Date "2010.6.17"]
[Round "1"]
[White "carito30236"]
[Black "danqueiroz"]
[Result "1-0"]
[WhiteElo "1658"]
[BlackElo "1400"]

1. c4 d5 2. e3 c5 3. Nc3 Bd7 4. cxd5 Na6 5. g4 Qc8 6. h3 Nf6 7. Bg2 Nb4 8. Nf3
h5 9. g5 Ng8 10. Qe2 Nc2+ 11. Kf1 Nxa1 12. d4 c4 13. Ne5 b5 14. d6 exd6 15. Bxa8
Qxa8 16. f3 dxe5 17. a3 Nb3 18. Kf2 f5 19. dxe5 Ne7 20. Rg1 Nd5 21. Nxd5 Qxd5
22. f4 b4 23. Rd1 1-0

[Event "AUTO-INT-1731"]
[Site "http://www.queenalice.com/game.php?id=791594"]
[Date "2010.6.17"]
[Round "1"]
[White "danqueiroz"]
[Black "twmoore"]
[Result "0-1"]
[WhiteElo "1463"]
[BlackElo "1585"]

1. Nf3 d5 2. h3 Nc6 3. g4 e5 4. d4 exd4 5. Bg5 Nf6 6. Nbd2 Be7 7. c4 O-O 8. h4
Nxg4 9. Bh3 Qd6 10. e4 dxc4 11. Nxc4 Qc5 12. b3 Qb4+ 13. Ncd2 f6 14. Bf4 Bd6 15.
e5 fxe5 16. Bg3 Re8 17. a3 Qb6 18. b4 e4 19. Ng5 Rf8 20. Ndxe4 Re8 21. Qb3+ Be6
22. Qf3 Rf8 23. Bf4 Rxf4 24. Qg3 Rxe4+ 25. Kf1 Bxg3 26. Nxe4 d3 27. fxg3 Rf8+
28. Ke1 Qe3+ 29. Kd1 Qe2+ 30. Kc1 Qc2# 0-1

[Event "AUTO-INT-1731"]
[Site "http://www.queenalice.com/game.php?id=791595"]
[Date "2010.6.17"]
[Round "1"]
[White "twmoore"]
[Black "danqueiroz"]
[Result "1-0"]
[WhiteElo "1553"]
[BlackElo "1503"]

1. e4 d5 2. exd5 Qxd5 3. Nc3 Qe5+ 4. Nge2 Bg4 5. h3 Bh5 6. g4 Bg6 7. d4 Qa5 8.
a3 Nc6 9. Bd2 O-O-O 10. Bg2 e5 11. Nd5 Qb5 12. b3 Nxd4 13. c4 Qc6 14. Ne7+ Kb8
15. Nxc6+ bxc6 16. Nxd4 exd4 17. Bxc6 d3 18. O-O Ne7 19. Bg2 h5 20. Qf3 h4 21.
Qb7# 1-0

[Event "Challenge"]
[Site "http://www.queenalice.com/game.php?id=824869"]
[Date "2010.8.29"]
[Round "-"]
[White "pedroingles"]
[Black "danqueiroz"]
[Result "1-0"]
[WhiteElo "1877"]
[BlackElo "1343"]

1. d4 Nc6 2. Nf3 Nf6 3. Nc3 d5 4. g3 Bg4 5. Bg2 e6 6. O-O Bd6 7. Bg5 h6 8. Bxf6
Qxf6 9. Qd3 g6 10. e4 O-O-O 11. e5 Nxe5 12. dxe5 Bxe5 13. Nxe5 Qxe5 14. Rfe1 Qf6
15. Qe3 d4 16. Ne4 dxe3 17. Nxf6 Rd2 18. Rxe3 Rxc2 19. Nxg4 h5 20. Nf6 Rd8 21.
h4 Rdd2 22. Ne4 Re2 23. Rxe2 Rxe2 24. b4 f5 25. Ng5 e5 26. a4 f4 27. Kf1 1-0

[Event "Challenge"]
[Site "http://www.queenalice.com/game.php?id=824870"]
[Date "2010.8.29"]
[Round "-"]
[White "danqueiroz"]
[Black "pedroingles"]
[Result "0-1"]
[WhiteElo "1345"]
[BlackElo "1871"]

1. e3 e5 2. Nf3 Nc6 3. Bc4 d5 4. Bb5 Bd6 5. O-O Nf6 6. Nc3 O-O 7. d4 exd4 8.
exd4 h6 9. Be3 Bg4 10. h3 Bh5 11. g4 Bg6 12. Ne5 Nxe5 13. dxe5 Bxe5 14. Qf3 Bxc3
15. bxc3 Ne4 16. Rad1 Nxc3 17. Bc5 Nxd1 18. Rxd1 Be4 19. Qf4 Qh4 20. Qxc7 Qxh3
21. Bf1 Qh1# 0-1

[Event "Challenge"]
[Site "http://www.queenalice.com/game.php?id=830010"]
[Date "2010.9.9"]
[Round "-"]
[White "GesetzMeister"]
[Black "danqueiroz"]
[Result "0-1"]
[WhiteElo "1619"]
[BlackElo "1418"]

1. e4 Nc6 2. Nf3 e5 3. Bc4 Nf6 4. Ng5 d5 5. exd5 Bg4 6. f3 Bh5 7. dxc6 bxc6 8.
d3 h6 9. Ne4 Nxe4 10. dxe4 Qxd1+ 11. Kxd1 Rd8+ 12. Bd3 f6 13. Be3 Bd6 0-1

[Event "Challenge"]
[Site "http://www.queenalice.com/game.php?id=830011"]
[Date "2010.9.9"]
[Round "-"]
[White "danqueiroz"]
[Black "GesetzMeister"]
[Result "1-0"]
[WhiteElo "1391"]
[BlackElo "1664"]

1. Nc3 e5 2. d4 exd4 3. Qxd4 Bb4 4. Qxb4 d6 5. Bf4 Nf6 6. Nf3 c5 7. Qb5+ Nc6 8.
Rd1 O-O 9. Rxd6 Nd4 10. Nxd4 a6 11. Rxd8 axb5 12. Rxf8+ Kxf8 13. Ndxb5 1-0

[Event "AUTO-INT-1861"]
[Site "http://www.queenalice.com/game.php?id=854191"]
[Date "2010.11.3"]
[Round "1"]
[White "danqueiroz"]
[Black "OnlyJoking"]
[Result "0-1"]
[WhiteElo "1442"]
[BlackElo "1526"]

1. e3 e5 2. c4 Nf6 3. f3 Bc5 4. Nc3 d6 5. a3 O-O 6. b4 Bb6 7. Bb2 a6 8. Bd3 Be6
9. Nd5 Nbd7 10. f4 e4 11. Nxb6 cxb6 12. Bxf6 Nxf6 13. Bc2 Bxc4 14. d3 exd3 15.
Bxd3 Bxd3 16. Qxd3 Re8 17. Nf3 h6 18. h3 Ne4 19. Nd4 Qh4+ 20. Kd1 Nf2+ 21. Kd2
Nxd3 22. Kxd3 Rac8 23. Rag1 Qf2 24. Nf3 Rxe3+ 25. Kd4 Re6+ 26. Kd3 Qe3# 0-1

[Event "AUTO-INT-1861"]
[Site "http://www.queenalice.com/game.php?id=854192"]
[Date "2010.11.3"]
[Round "1"]
[White "OnlyJoking"]
[Black "danqueiroz"]
[Result "1-0"]
[WhiteElo "1541"]
[BlackElo "1429"]

1. e4 d5 2. exd5 Qxd5 3. Nc3 Qe6+ 4. Qe2 Qxe2+ 5. Bxe2 Be6 6. Nf3 Nc6 7. Bb5 f6
8. Bxc6+ bxc6 9. d3 g5 10. Be3 Rd8 11. O-O-O Nh6 12. Ne1 Ng4 13. h3 Nxe3 14.
fxe3 c5 15. Kb1 Bd5 16. Nxd5 Rxd5 17. Nf3 e5 18. e4 Rd6 19. g4 h5 20. Nd2 hxg4
21. hxg4 Rxh1 22. Rxh1 Ke7 23. Nc4 Rc6 24. Ne3 Ra6 25. Nd5+ Kd6 26. c4 Ke6 27.
Nxc7+ 1-0

[Event "AUTO-INT-1861"]
[Site "http://www.queenalice.com/game.php?id=854193"]
[Date "2010.11.3"]
[Round "1"]
[White "danqueiroz"]
[Black "Don_Vito"]
[Result "0-1"]
[WhiteElo "1411"]
[BlackElo "1684"]

1. e3 e5 2. d4 exd4 3. Qxd4 Nc6 4. Qe4+ Be7 5. Nc3 Nf6 6. Qc4 d5 7. Qb5 a6 8.
Qa4 Bd7 9. e4 dxe4 10. Bc4 b5 11. Nxb5 axb5 12. Qb3 bxc4 13. Qxc4 O-O 14. Bg5
Re8 15. Rd1 h6 16. Bxf6 Bxf6 17. Ne2 Qe7 18. c3 Ne5 19. Qxc7 Rxa2 20. Nd4 Rxb2
21. g3 Nf3+ 22. Nxf3 exf3+ 23. Kf1 Qe2+ 0-1

[Event "AUTO-INT-1861"]
[Site "http://www.queenalice.com/game.php?id=854194"]
[Date "2010.11.3"]
[Round "1"]
[White "Don_Vito"]
[Black "danqueiroz"]
[Result "1-0"]
[WhiteElo "1669"]
[BlackElo "1417"]

1. e4 d5 2. exd5 Qxd5 3. Nc3 Qe5+ 4. Be2 Bg4 5. Nf3 Bxf3 6. gxf3 Nc6 7. d3 Rd8
8. f4 Qd6 9. Be3 Nf6 10. Qd2 e5 11. fxe5 Nxe5 12. O-O-O h5 13. d4 Qb6 14. dxe5
Rxd2 15. Bxb6 Rxd1+ 16. Rxd1 cxb6 17. exf6 gxf6 18. Bf3 Rg8 19. Bxb7 Bb4 20. Ne4
Rg2 21. Nxf6+ Kf8 22. Bxg2 1-0

[Event "AUTO-INT-1861"]
[Site "http://www.queenalice.com/game.php?id=854195"]
[Date "2010.11.3"]
[Round "1"]
[White "danqueiroz"]
[Black "KARPOVBR"]
[Result "1-0"]
[WhiteElo "1440"]
[BlackElo "1647"]

1. e3 e6 2. Bd3 Be7 3. Nf3 Nf6 4. Ng5 O-O 5. f4 d6 6. Bxh7+ Nxh7 7. Nxh7 Kxh7 8.
Qh5+ Kg8 9. d4 Nd7 10. Nd2 Bh4+ 11. g3 1-0

[Event "AUTO-INT-1861"]
[Site "http://www.queenalice.com/game.php?id=854196"]
[Date "2010.11.3"]
[Round "1"]
[White "KARPOVBR"]
[Black "danqueiroz"]
[Result "0-1"]
[WhiteElo "1623"]
[BlackElo "1464"]

1. e3 d5 2. Bd3 Nf6 3. Nf3 Ng4 4. O-O f5 5. h3 Nh6 6. Bb5+ c6 7. Ba4 b5 8. Bb3
e6 9. d4 g5 10. a4 g4 0-1